[Event "Skakligaen 2019-20"]
[Site "Denmark"]
[Date "2019.11.23"]
[Round "1.8"]
[White "Haubro, Sigfred"]
[Black "Svendsen, Peter Willer"]
[Result "1-0"]
[WhiteElo "2089"]
[BlackElo "1981"]
[PlyCount "111"]
[EventDate "2019.11.23"]
[EventType "team-tourn"]
[EventRounds "9"]
[WhiteTeam "BMS"]
[BlackTeam "Hillerod"]
[WhiteTeamCountry "DEN"]
[BlackTeamCountry "DEN"]

1. Nf3 Nf6 2. b3 d5 3. Bb2 Nbd7 4. e3 g6 5. Be2 Bg7 6. O-O O-O 7. c4 c6 8. d4
Qc7 9. Nc3 dxc4 10. bxc4 e5 11. Qc2 Re8 12. Rad1 exd4 13. exd4 Nb6 14. Ne5 Bf5
15. Qc1 Rad8 16. f4 h5 17. h3 Qc8 18. Kh2 Nbd7 19. Bf3 Bh6 20. Ne2 h4 21. Qc3
Bg7 22. Qe1 Be4 23. Qxh4 Bxf3 24. Rxf3 Nf8 25. Nc3 Qf5 26. g4 Qe6 27. f5 Qd6
28. g5 Nh5 29. f6 Rxe5 30. dxe5 Qxe5+ 31. Kg2 Rxd1 32. Nxd1 Qe2+ 33. Qf2 Qxd1
34. fxg7 Ne6 35. Rxf7 Nhxg7 36. Bxg7 Nxg7 37. Rxg7+ Kxg7 38. Qf6+ Kh7 39. Qf7+
Kh8 40. Qf8+ Kh7 41. Qh6+ Kg8 42. Qxg6+ Kf8 43. Qf6+ Kg8 44. Qe6+ Kg7 45. h4
Qd2+ 46. Kg3 Qd3+ 47. Kf4 Qf1+ 48. Ke5 Qe1+ 49. Kd6 Qxh4 50. Qh6+ Qxh6+ 51.
gxh6+ Kxh6 52. c5 Kg6 53. Kc7 Kf6 54. Kxb7 Ke7 55. Kxc6 Kd8 56. Kb7 1-0

[Event "Skakligaen 2019-20"]
[Site "Denmark"]
[Date "2019.11.23"]
[Round "1.1"]
[White "Hillarp Persson, Tiger"]
[Black "Ochsner, Bjorn Moller"]
[Result "1/2-1/2"]
[WhiteElo "2542"]
[BlackElo "2491"]
[PlyCount "70"]
[EventDate "2019.11.23"]
[EventType "team-tourn"]
[EventRounds "9"]
[WhiteTeam "Bronshoj"]
[BlackTeam "Skanderborg"]
[WhiteTeamCountry "DEN"]
[BlackTeamCountry "DEN"]

1. Nf3 d5 2. d4 Nf6 3. c4 e6 4. g3 Bb4+ 5. Bd2 Be7 6. Bg2 O-O 7. O-O Nbd7 8.
Qc2 Ne4 9. Bf4 c6 10. Nc3 g5 11. Be3 Nd6 12. cxd5 exd5 13. Rad1 h6 14. Ne5 Nf6
15. f3 Bf5 16. Qc1 Rc8 17. h4 Nfe8 18. hxg5 hxg5 19. Bf2 f6 20. Nd3 Ng7 21. g4
Be6 22. Rde1 b6 23. Qd1 Qd7 24. b3 Nb5 25. Nxb5 cxb5 26. Qd2 Bd6 27. Rc1 Bc7
28. Rc3 Qd6 29. Rfc1 Kf7 30. Kf1 Bb8 31. Rxc8 Rxc8 32. Ke1 Qh2 33. Rxc8 Bxc8
34. Kf1 Bd7 35. Qc1 Qd6 1/2-1/2

[Event "Skakligaen 2019-20"]
[Site "Denmark"]
[Date "2019.11.23"]
[Round "1.2"]
[White "Olsen, Filip Boe"]
[Black "Aagaard, Jacob"]
[Result "0-1"]
[WhiteElo "2348"]
[BlackElo "2473"]
[PlyCount "118"]
[EventDate "2019.11.23"]
[EventType "team-tourn"]
[EventRounds "9"]
[WhiteTeam "Skanderborg"]
[BlackTeam "Bronshoj"]
[WhiteTeamCountry "DEN"]
[BlackTeamCountry "DEN"]

1. d4 Nf6 2. c4 e6 3. Nc3 Bb4 4. e3 d5 5. a3 Bxc3+ 6. bxc3 O-O 7. cxd5 exd5 8.
Bd3 c5 9. Ne2 b6 10. O-O Ba6 11. f3 Re8 12. Bxa6 Nxa6 13. Qd3 Nc7 14. dxc5 bxc5
15. c4 Ne6 16. Bb2 dxc4 17. Qxc4 Nd5 18. Qc1 Nxe3 19. Qxe3 Nd4 20. Bxd4 Rxe3
21. Bxe3 Qe7 22. Bf2 Qxe2 23. Bxc5 h5 24. Bf2 a5 25. Rfe1 Qb2 26. Reb1 Qc3 27.
Rc1 Qb3 28. Rcb1 Qa4 29. Rd1 Rb8 30. h3 Rb5 31. Rd3 Qc2 32. Rd8+ Kh7 33. Rd4
Rb1+ 34. Rxb1 Qxb1+ 35. Kh2 Qb2 36. Rd5 Qxf2 37. Rxh5+ Kg6 38. Rxa5 Qc2 39. Ra7
Qc6 40. Kh1 Kf6 41. a4 g6 42. a5 Qc1+ 43. Kh2 Qf4+ 44. Kh1 Qc1+ 45. Kh2 Qc8 46.
Kh1 Qc5 47. Rb7 Qxa5 48. Rb1 Kg5 49. f4+ Kf5 50. Rf1 Qa2 51. Kh2 Qe2 52. Rf3
Qxf3 53. gxf3 Kxf4 54. Kg2 g5 55. Kf2 f6 56. Kg2 Ke3 57. Kg3 f5 58. f4 gxf4+
59. Kg2 Ke2 0-1

[Event "Skakligaen 2019-20"]
[Site "Denmark"]
[Date "2019.11.23"]
[Round "1.3"]
[White "Vasli, Aref"]
[Black "Pedersen, Nicolai Vesterbaek"]
[Result "1-0"]
[WhiteElo "2397"]
[BlackElo "2391"]
[PlyCount "145"]
[EventDate "2019.11.23"]
[EventType "team-tourn"]
[EventRounds "9"]
[WhiteTeam "Bronshoj"]
[BlackTeam "Skanderborg"]
[WhiteTeamCountry "DEN"]
[BlackTeamCountry "DEN"]

1. e4 c5 2. Nf3 d6 3. Nc3 a6 4. d4 cxd4 5. Nxd4 Nf6 6. h3 e6 7. g4 Be7 8. Bg2
Nfd7 9. O-O O-O 10. Be3 Nc6 11. Nce2 Qc7 12. f4 Nxd4 13. Nxd4 b5 14. g5 Bb7 15.
f5 e5 16. Nb3 Rfd8 17. f6 Bf8 18. fxg7 Bxg7 19. Qh5 Rf8 20. Rf2 Rad8 21. Raf1
Nb6 22. h4 Nc4 23. Bc1 d5 24. Bh3 Rd6 25. Rf6 Bc8 26. Bxc8 Qxc8 27. Rxf7 Qe6
28. Nc5 Qxf7 29. Rxf7 Rxf7 30. b3 Nb6 31. Qg4 Rc6 32. b4 Bf8 33. c3 Bxc5+ 34.
bxc5 Rxc5 35. Be3 Rxc3 36. Bxb6 Rc1+ 37. Kh2 Rc2+ 38. Kh1 Rc1+ 39. Bg1 d4 40.
Qe6 d3 41. Qe8+ Rf8 42. Qe6+ Rf7 43. Qd5 d2 44. Qxd2 Rff1 45. Qd8+ Kf7 46. Qd7+
Kg6 47. Qe8+ Kg7 48. Qxe5+ Kg6 49. Qe8+ Kg7 50. Kh2 Rxg1 51. Qe5+ Kg6 52. Qf5+
Kg7 53. Qf6+ Kg8 54. Qe6+ Kg7 55. Qh6+ Kg8 56. Qxa6 Rh1+ 57. Kg3 Rcg1+ 58. Kf3
Rh3+ 59. Kf2 Rgh1 60. Qe6+ Kg7 61. Qe5+ Kg8 62. h5 Rxh5 63. Qe8+ Kg7 64. Qe7+
Kg8 65. Ke3 R5h4 66. Qe8+ Kg7 67. Qe5+ Kg8 68. Kd4 Rd1+ 69. Kc5 Re1 70. Qe6+
Kg7 71. Qf6+ Kg8 72. g6 Rh5+ 73. Kb6 1-0

[Event "Skakligaen 2019-20"]
[Site "Denmark"]
[Date "2019.11.23"]
[Round "1.4"]
[White "Hansen, Mads"]
[Black "Hoi, Carsten"]
[Result "1-0"]
[WhiteElo "2408"]
[BlackElo "2317"]
[PlyCount "67"]
[EventDate "2019.11.23"]
[EventType "team-tourn"]
[EventRounds "9"]
[WhiteTeam "Skanderborg"]
[BlackTeam "Bronshoj"]
[WhiteTeamCountry "DEN"]
[BlackTeamCountry "DEN"]

1. e4 g6 2. d4 Bg7 3. Nf3 d6 4. Bc4 Nc6 5. O-O Nf6 6. e5 dxe5 7. Nxe5 O-O 8.
Nxc6 bxc6 9. c3 Rb8 10. Nd2 Qd6 11. Qa4 Ng4 12. Nf3 e5 13. dxe5 Nxe5 14. Nxe5
Bxe5 15. h3 Bh2+ 16. Kh1 Bf4 17. Bb3 Bxc1 18. Raxc1 Qc5 19. Rcd1 a5 20. Qh4 Kg7
21. Rd4 Qe5 22. Rfd1 Be6 23. Re4 Qf6 24. Bxe6 Qxh4 25. Rxh4 fxe6 26. Rd7+ Kf6
27. b3 Ke5 28. f3 h5 29. Re4+ Kf5 30. Rxc7 Rb6 31. Kg1 Rd8 32. Rf7+ Kg5 33. h4+
Kh6 34. Rxe6 1-0

[Event "Skakligaen 2019-20"]
[Site "Denmark"]
[Date "2019.11.23"]
[Round "1.5"]
[White "Aabling Thomsen, Jakob"]
[Black "Andersen, Jackie"]
[Result "0-1"]
[WhiteElo "2347"]
[BlackElo "2399"]
[PlyCount "114"]
[EventDate "2019.11.23"]
[EventType "team-tourn"]
[EventRounds "9"]
[WhiteTeam "Bronshoj"]
[BlackTeam "Skanderborg"]
[WhiteTeamCountry "DEN"]
[BlackTeamCountry "DEN"]

1. e4 g6 2. d4 Nf6 3. e5 Nh5 4. Nf3 d6 5. Bc4 Nc6 6. Ng5 e6 7. Bb5 Be7 8. Nf3
Bd7 9. Nc3 a6 10. Be2 Ng7 11. Ne4 Nf5 12. c3 d5 13. Ng3 Nh4 14. Nxh4 Bxh4 15.
Nf1 Na5 16. a4 b6 17. g3 Be7 18. Ne3 c5 19. O-O h5 20. f4 c4 21. Bf3 Bc6 22.
Qe2 Qd7 23. Bd2 Bxa4 24. f5 gxf5 25. Bxh5 O-O-O 26. Bxf7 b5 27. b4 Nb3 28. Nxc4
bxc4 29. Bxe6 Qxe6 30. Rxa4 Rdg8 31. Bf4 Bg5 32. Qa2 Kb7 33. Qg2 Bxf4 34. Rxf4
Rg4 35. Rf2 f4 36. Rf3 Rhg8 37. Ra2 Kb6 38. Raf2 fxg3 39. hxg3 Kb5 40. Rf6 Qd7
41. R2f3 Nd2 42. Re3 Ne4 43. Rff3 Kb6 44. Qh2 Qa4 45. Qh6+ R4g6 46. Qh4 Qd1+
47. Kh2 Qd2+ 48. Kh1 Rg4 49. Qh6+ R8g6 50. Qh8 Rg8 51. Qh6+ Kb5 52. Qh7 Qc1+
53. Kh2 Qc2+ 54. Kg1 Rxg3+ 55. Rxg3 Qf2+ 56. Kh1 Nxg3+ 57. Rxg3 Qe1+ 0-1

[Event "Skakligaen 2019-20"]
[Site "Denmark"]
[Date "2019.11.23"]
[Round "1.6"]
[White "Rostgaard, Tobias Valentin"]
[Black "Palm, Nikolaj"]
[Result "1-0"]
[WhiteElo "2357"]
[BlackElo "2282"]
[PlyCount "65"]
[EventDate "2019.11.23"]
[EventType "team-tourn"]
[EventRounds "9"]
[WhiteTeam "Skanderborg"]
[BlackTeam "Bronshoj"]
[WhiteTeamCountry "DEN"]
[BlackTeamCountry "DEN"]

1. e4 e5 2. Nf3 Nc6 3. Nc3 Nf6 4. g3 d5 5. exd5 Nxd5 6. Bg2 Nxc3 7. bxc3 Bd6 8.
O-O O-O 9. Rb1 f5 10. d3 Qf6 11. Ng5 g6 12. f4 exf4 13. gxf4 h6 14. Nf3 Rb8 15.
d4 Kh7 16. Ne5 Na5 17. c4 c5 18. d5 Qd8 19. Rf3 Bxe5 20. fxe5 Nxc4 21. Bf4 g5
22. Rc3 Nb6 23. Be3 Na4 24. Rc4 f4 25. Rxa4 fxe3 26. e6 Qd6 27. Qd3+ Kg7 28.
Qxe3 b5 29. Rxa7+ Rb7 30. Ra8 b4 31. c4 Rc7 32. a3 Ba6 33. Rxa6 1-0

[Event "Skakligaen 2019-20"]
[Site "Denmark"]
[Date "2019.11.23"]
[Round "1.7"]
[White "Laursen, Niels Norskov"]
[Black "Brondt, Nicolai Kvist"]
[Result "1-0"]
[WhiteElo "2251"]
[BlackElo "2244"]
[PlyCount "129"]
[EventDate "2019.11.23"]
[EventType "team-tourn"]
[EventRounds "9"]
[WhiteTeam "Bronshoj"]
[BlackTeam "Skanderborg"]
[WhiteTeamCountry "DEN"]
[BlackTeamCountry "DEN"]

1. e4 c5 2. Nf3 e6 3. Nc3 Nc6 4. d4 cxd4 5. Nxd4 Qc7 6. Be2 a6 7. O-O Nf6 8.
Be3 Be7 9. f4 d6 10. a4 O-O 11. Qe1 Re8 12. Qg3 d5 13. e5 Ne4 14. Nxe4 dxe4 15.
c3 Bd7 16. Nb3 Nb8 17. a5 Bc6 18. Nd4 Bd7 19. f5 exf5 20. Nxf5 Bxf5 21. Rxf5
Bc5 22. e6 Bxe3+ 23. Kh1 Re7 24. exf7+ Rxf7 25. Rd1 Nc6 26. Bc4 Qxg3 27. Bxf7+
Kh8 28. hxg3 g6 29. Rff1 Bh6 30. Bd5 e3 31. Bxc6 e2 32. Bxb7 Rb8 33. Bxa6
exd1=Q 34. Rxd1 Rxb2 35. Rd8+ Kg7 36. Rd7+ Kf6 37. Bc4 Be3 38. Rf7+ Kg5 39. a6
Rb1+ 40. Rf1 Rxf1+ 41. Bxf1 h5 42. Kh2 Bf2 43. Kh3 Kh6 44. Bb5 Kg5 45. Be8 Ba7
46. Bxg6 Kxg6 47. g4 Kg5 48. gxh5 Kxh5 49. Kg3 Kg5 50. Kf3 Kf5 51. Ke2 Ke4 52.
g4 Kf4 53. Kd3 Kxg4 54. Ke4 Kg5 55. Ke5 Kg6 56. Ke6 Kg7 57. Ke7 Bc5+ 58. Kd7
Kf7 59. Kc6 Be3 60. c4 Ba7 61. Kb7 Be3 62. a7 Bxa7 63. Kxa7 Ke7 64. c5 Kd8 65.
Kb7 1-0

[Event "Skakligaen 2019-20"]
[Site "Denmark"]
[Date "2019.11.23"]
[Round "1.8"]
[White "Pedersen, Jan Rode"]
[Black "Greger, Roland Reinhard"]
[Result "0-1"]
[WhiteElo "2165"]
[BlackElo "2276"]
[PlyCount "122"]
[EventDate "2019.11.23"]
[EventType "team-tourn"]
[EventRounds "9"]
[WhiteTeam "Skanderborg"]
[BlackTeam "Bronshoj"]
[WhiteTeamCountry "DEN"]
[BlackTeamCountry "DEN"]

1. e4 e6 2. d4 d5 3. Nd2 Nf6 4. e5 Nfd7 5. Bd3 c5 6. c3 Nc6 7. Ngf3 cxd4 8.
cxd4 Qb6 9. Nb3 a5 10. Be3 a4 11. Nbd2 a3 12. bxa3 Rxa3 13. Nb3 Bb4+ 14. Nfd2
Bxd2+ 15. Bxd2 Nb4 16. Bb1 O-O 17. O-O Nc6 18. Qg4 f5 19. Qh4 Ra4 20. Qg3 Nxd4
21. Nxd4 Qxd4 22. Bc2 Rc4 23. Bd3 Rc6 24. Bf4 Rc3 25. Rad1 Qa4 26. Bd2 Rc7 27.
Rc1 Nc5 28. Bh6 b6 29. Bb1 Ba6 30. Rfe1 Bc4 31. a3 Ra8 32. Rc3 Qd7 33. Be3 Qe7
34. Bd4 Rca7 35. h3 Nd7 36. Ree3 Ra6 37. Bc2 b5 38. Kh2 Nf8 39. f4 Ng6 40. Rf3
Nh4 41. Rfe3 Ng6 42. Qf3 Rf8 43. Re1 Rfa8 44. Qf2 Rxa3 45. Bc5 Rxc3 46. Bxe7
Nxe7 47. Bd1 Ra2 48. Qb6 Kf7 49. Re3 Rxe3 50. Qxe3 b4 51. Qb6 b3 52. Bh5+ g6
53. Bd1 Rd2 54. Bxb3 Rb2 55. Qd8 Rxb3 56. Qh8 d4 57. Qxh7+ Ke8 58. Qh8+ Kd7 59.
Qa8 Nc6 60. Qf8 Bd5 61. Qd6+ Ke8 0-1

[Event "Skakligaen 2019-20"]
[Site "Denmark"]
[Date "2019.11.23"]
[Round "1.1"]
[White "Hector, Jonny"]
[Black "Sorensen, Jan"]
[Result "1/2-1/2"]
[WhiteElo "2478"]
[BlackElo "2395"]
[PlyCount "101"]
[EventDate "2019.11.23"]
[EventType "team-tourn"]
[EventRounds "9"]
[WhiteTeam "Nordkalotten"]
[BlackTeam "Aarhus Skolerne"]
[WhiteTeamCountry "DEN"]
[BlackTeamCountry "DEN"]

1. e4 e6 2. d4 d5 3. Nc3 Bb4 4. Nge2 dxe4 5. a3 Bxc3+ 6. Nxc3 Nc6 7. Bb5 Nge7
8. Bg5 f6 9. Be3 O-O 10. Qd2 f5 11. O-O-O Nd5 12. Nxd5 Qxd5 13. c4 Qd6 14. c5
Qd5 15. Qc3 f4 16. Bc4 Qf5 17. Bd2 Rd8 18. g3 b5 19. Bxb5 Nxd4 20. Bxf4 e5 21.
Bc4+ Be6 22. Bxe5 Qxe5 23. Bxe6+ Qxe6 24. Rxd4 Rf8 25. Re1 Rxf2 26. Rdxe4 Qa2
27. Qc4+ Qxc4+ 28. Rxc4 Rxh2 29. Re7 Rf8 30. Kb1 Rf7 31. Re8+ Rf8 32. Rxf8+
Kxf8 33. Ra4 Ke7 34. Rxa7 Kd7 35. Ra4 Kc6 36. Rc4 Kb5 37. Rc3 Rg2 38. Ka2 Ka4
39. Re3 c6 40. Rb3 h5 41. Rb6 Rxg3 42. Rxc6 Kb5 43. Rc8 h4 44. a4+ Kxa4 45. Rb8
Rg2 46. c6 Rc2 47. Ra8+ Kb5 48. Rb8+ Ka6 49. Ra8+ Kb6 50. Rb8+ Ka6 51. Ra8+
1/2-1/2

[Event "Skakligaen 2019-20"]
[Site "Denmark"]
[Date "2019.11.23"]
[Round "1.2"]
[White "Vinther Schou, Uffe"]
[Black "Brynell, Stellan"]
[Result "1/2-1/2"]
[WhiteElo "2361"]
[BlackElo "2412"]
[PlyCount "53"]
[EventDate "2019.11.23"]
[EventType "team-tourn"]
[EventRounds "9"]
[WhiteTeam "Aarhus Skolerne"]
[BlackTeam "Nordkalotten"]
[WhiteTeamCountry "DEN"]
[BlackTeamCountry "DEN"]

1. e4 e6 2. d4 d5 3. e5 c5 4. c3 Qb6 5. Nf3 Nc6 6. Be2 Nh6 7. Bxh6 gxh6 8. Qd2
Bg7 9. O-O O-O 10. Na3 cxd4 11. cxd4 Bd7 12. Nc2 a5 13. Rad1 f6 14. exf6 Rxf6
15. Ne3 Raf8 16. Ne5 Nxe5 17. dxe5 R6f7 18. Bh5 Rf4 19. g3 Rb4 20. b3 a4 21.
Ng4 axb3 22. axb3 Rxb3 23. Nxh6+ Kh8 24. Nf7+ Kg8 25. Nh6+ Kh8 26. Nf7+ Kg8 27.
Nh6+ 1/2-1/2

[Event "Skakligaen 2019-20"]
[Site "Denmark"]
[Date "2019.11.23"]
[Round "1.3"]
[White "Hove, Esben Kjems"]
[Black "Ochsner, Thomas"]
[Result "1-0"]
[WhiteElo "2323"]
[BlackElo "2265"]
[PlyCount "85"]
[EventDate "2019.11.23"]
[EventType "team-tourn"]
[EventRounds "9"]
[WhiteTeam "Nordkalotten"]
[BlackTeam "Aarhus Skolerne"]
[WhiteTeamCountry "DEN"]
[BlackTeamCountry "DEN"]

1. d4 Nf6 2. c4 e6 3. Nf3 b6 4. g3 Bb7 5. Bg2 Be7 6. O-O O-O 7. Nc3 Ne4 8. Qc2
Nxc3 9. Qxc3 c5 10. dxc5 bxc5 11. Rd1 d6 12. Bf4 Qc7 13. Qc2 Nc6 14. Ng5 Bxg5
15. Bxg5 Nd4 16. Qd2 Bxg2 17. Kxg2 Rfb8 18. f3 Qb7 19. Rab1 a5 20. Be3 Nf5 21.
Bf2 Ra6 22. e4 Nd4 23. Bxd4 cxd4 24. Qxd4 h6 25. e5 dxe5 26. Qxe5 Rb6 27. Rd2
a4 28. Qc3 Rb4 29. c5 Qb5 30. Rc2 Rd8 31. c6 Rd3 32. Qe1 Rd8 33. Rd1 Rc8 34.
Qc3 Kh7 35. c7 Qb7 36. Rd7 Rb5 37. Rxf7 Rg5 38. Qd3+ Kg8 39. Rd7 Rf5 40. Rd8+
Rf8 41. Rxc8 Qxc8 42. Qd6 Kh7 43. Qxf8 1-0

[Event "Skakligaen 2019-20"]
[Site "Denmark"]
[Date "2019.11.23"]
[Round "1.4"]
[White "Sobjerg, Erik"]
[Black "Sylvan, Jacob"]
[Result "1/2-1/2"]
[WhiteElo "2289"]
[BlackElo "2323"]
[PlyCount "111"]
[EventDate "2019.11.23"]
[EventType "team-tourn"]
[EventRounds "9"]
[WhiteTeam "Aarhus Skolerne"]
[BlackTeam "Nordkalotten"]
[WhiteTeamCountry "DEN"]
[BlackTeamCountry "DEN"]

1. e4 e5 2. Nf3 Nc6 3. Bb5 a6 4. Ba4 Nf6 5. d3 Bc5 6. Nc3 d6 7. Be3 Ba7 8. Nd5
b5 9. Bb3 Na5 10. Bg5 c6 11. Bxf6 gxf6 12. Ne3 Rg8 13. Nh4 Bxe3 14. fxe3 f5 15.
Qh5 Nxb3 16. axb3 fxe4 17. O-O Be6 18. dxe4 Qg5 19. Qxg5 Rxg5 20. Ra5 d5 21.
Nf3 Rh5 22. exd5 Bxd5 23. g4 Rh3 24. e4 Be6 25. Ng5 Rh6 26. h3 Rg6 27. Nf3 f6
28. Kf2 h5 29. gxh5 Rh6 30. h4 Rxh5 31. Ke3 Ke7 32. Rg1 Rh7 33. b4 Kf7 34. Ra3
Ra7 35. Rga1 Bc8 36. Rg1 Rd7 37. Rf1 Ke7 38. Rc3 Rd6 39. Rg1 Kf7 40. Rf1 Ke7
41. Rg1 Kf7 42. Rd3 Rd7 43. Ra1 Ke7 44. Rxd7+ Kxd7 45. Rg1 Kd6 46. Rg6 Ke7 47.
Rg8 Be6 48. Ra8 Kd6 49. Rxa6 Bg4 50. c4 bxc4 51. b5 Bxf3 52. Rxc6+ Kd7 53. Kxf3
Rxh4 54. Rxf6 Rh2 55. Rc6 Rxb2 56. Rxc4 1/2-1/2

[Event "Skakligaen 2019-20"]
[Site "Denmark"]
[Date "2019.11.23"]
[Round "1.5"]
[White "Kristensen, Kaare Hove"]
[Black "Hagen, Kresten Skytte"]
[Result "1/2-1/2"]
[WhiteElo "2345"]
[BlackElo "2167"]
[PlyCount "83"]
[EventDate "2019.11.23"]
[EventType "team-tourn"]
[EventRounds "9"]
[WhiteTeam "Nordkalotten"]
[BlackTeam "Aarhus Skolerne"]
[WhiteTeamCountry "DEN"]
[BlackTeamCountry "DEN"]

1. d4 b5 2. e4 Bb7 3. Bxb5 Bxe4 4. Nf3 Nf6 5. O-O e6 6. c4 Be7 7. Nc3 Bb7 8. d5
O-O 9. Bf4 d6 10. Rc1 e5 11. Be3 Ng4 12. Bd2 Nd7 13. h3 Ngf6 14. Be3 Nb6 15.
Qe2 a6 16. Bc6 Qc8 17. Bxb7 Qxb7 18. Nd2 Nfd7 19. f4 exf4 20. Bxf4 Rae8 21.
Rce1 Qc8 22. Qg4 f5 23. Qg3 Bf6 24. Rxe8 Rxe8 25. Bg5 Be5 26. Qd3 g6 27. Kh1
Bg7 28. b3 Ne5 29. Qc2 Qb8 30. Bf4 Nbd7 31. Nf3 Nxf3 32. Rxf3 Re1+ 33. Kh2 Qb6
34. Ne2 Ne5 35. Bxe5 Bxe5+ 36. g3 Ra1 37. Qd2 Qc5 38. Qg5 Rxa2 39. Qd8+ Kf7 40.
Qd7+ Kg8 41. Qe8+ Kg7 42. Qe7+ 1/2-1/2

[Event "Skakligaen 2019-20"]
[Site "Denmark"]
[Date "2019.11.23"]
[Round "1.6"]
[White "Schmidt, Christian Korup"]
[Black "Jakobsen, Peter"]
[Result "1/2-1/2"]
[WhiteElo "1981"]
[BlackElo "2211"]
[PlyCount "78"]
[EventDate "2019.11.23"]
[EventType "team-tourn"]
[EventRounds "9"]
[WhiteTeam "Aarhus Skolerne"]
[BlackTeam "Nordkalotten"]
[WhiteTeamCountry "DEN"]
[BlackTeamCountry "DEN"]

1. e4 c5 2. Nf3 d6 3. d4 cxd4 4. Nxd4 Nf6 5. Nc3 e6 6. Bd3 Be7 7. O-O O-O 8. h3
a6 9. Re1 b5 10. a4 b4 11. Nce2 Bb7 12. Ng3 a5 13. b3 Nbd7 14. Bb2 Qb6 15. Rc1
Rac8 16. Nb5 Nc5 17. Bd4 Qd8 18. Nh5 e5 19. Nxf6+ Bxf6 20. Bxc5 Rxc5 21. Bc4 d5
22. exd5 Bxd5 23. Bxd5 Rxd5 24. Qf3 Qd7 25. Rcd1 Rd2 26. Rxd2 Qxd2 27. Re2 Qd1+
28. Kh2 Rd8 29. Na7 Qd5 30. Qxd5 Rxd5 31. f4 g6 32. Kg3 exf4+ 33. Kxf4 Kg7 34.
Nc6 Rc5 35. Nb8 Bd8 36. Kf3 Bc7 37. Na6 Rf5+ 38. Ke4 Bb6 39. Kd3 Rf6 1/2-1/2

[Event "Skakligaen 2019-20"]
[Site "Denmark"]
[Date "2019.11.23"]
[Round "1.7"]
[White "Nielsen, Lars Aaes"]
[Black "Ochsner, Henrik"]
[Result "1/2-1/2"]
[WhiteElo "2221"]
[BlackElo "1889"]
[PlyCount "66"]
[EventDate "2019.11.23"]
[EventType "team-tourn"]
[EventRounds "9"]
[WhiteTeam "Nordkalotten"]
[BlackTeam "Aarhus Skolerne"]
[WhiteTeamCountry "DEN"]
[BlackTeamCountry "DEN"]

1. e4 d6 2. d4 Nf6 3. Nc3 c6 4. Be2 Nbd7 5. g4 h6 6. f4 e5 7. g5 hxg5 8. fxg5
exd4 9. Qxd4 Nh5 10. Bxh5 Rxh5 11. Nf3 Qb6 12. Ne2 Rh3 13. O-O Ne5 14. Kg2 c5
15. Qa4+ Bd7 16. Qb3 Qxb3 17. axb3 Rxf3 18. Rxf3 Nxf3 19. Kxf3 Bc6 20. Nc3 a6
21. Bf4 O-O-O 22. Rd1 Be7 23. Nd5 Bxd5 24. Rxd5 Kd7 25. h4 g6 26. Bd2 Ke6 27.
c4 Rc8 28. Bc3 Rc6 29. e5 Rb6 30. b4 cxb4 31. Bd4 Rc6 32. b3 Rc8 33. Ra5 Rc6
1/2-1/2

[Event "Skakligaen 2019-20"]
[Site "Denmark"]
[Date "2019.11.24"]
[Round "2.1"]
[White "Thybo, Jesper Sondergaard"]
[Black "Hammer, Jon Ludvig"]
[Result "0-1"]
[WhiteElo "2574"]
[BlackElo "2625"]
[PlyCount "136"]
[EventDate "2019.11.23"]
[EventType "team-tourn"]
[EventRounds "9"]
[WhiteTeam "Jetsmark"]
[BlackTeam "Koge"]
[WhiteTeamCountry "DEN"]
[BlackTeamCountry "DEN"]

1. d4 d5 2. Nf3 Nf6 3. c4 c6 4. Qb3 dxc4 5. Qxc4 Bf5 6. g3 e6 7. Bg2 Be7 8. O-O
O-O 9. e3 Nbd7 10. Qe2 Qa5 11. Nbd2 c5 12. e4 Bg6 13. Nb3 Qa4 14. e5 Nd5 15.
Nxc5 Nxc5 16. dxc5 Rac8 17. b3 Qb4 18. Bd2 Qxc5 19. Rfc1 Qa3 20. Nh4 Bxh4 21.
gxh4 Qb2 22. Bf3 Qd4 23. h5 Bd3 24. Qe1 h6 25. Rxc8 Rxc8 26. Rd1 Bc2 27. Rc1
Rc6 28. Qe2 Bd3 29. Qe1 Qh4 30. Rxc6 bxc6 31. Bd1 c5 32. Bf3 c4 33. bxc4 Qxc4
34. a3 Qh4 35. Qc1 Qh3 36. Qd1 Qf5 37. Bxd5 exd5 38. f4 Qh3 39. Qe1 d4 40. Qf2
Be4 41. Qe2 Bd5 42. a4 d3 43. Qf1 Qg4+ 44. Kf2 Qf3+ 45. Ke1 Qe4+ 46. Kf2 a5 47.
Kg3 Bc6 48. Qf2 Qd5 49. Qf1 Qb3 50. Qa1 Qc4 51. Qe1 Qd5 52. Qf1 Qe4 53. h3 Kh7
54. Qf2 Qxa4 55. Qe3 Qc4 56. Bxa5 Qd5 57. Bd2 Qg2+ 58. Kh4 Be4 59. Bc1 Bf5 60.
Bd2 Kh8 61. Bc1 Kg8 62. Bd2 Bxh3 63. Qxh3 Qf2+ 64. Kg4 Qxd2 65. Qf3 Qe2 66. Kg3
Qe1+ 67. Kg2 d2 68. Qc6 Qe2+ 0-1

[Event "Skakligaen 2019-20"]
[Site "Denmark"]
[Date "2019.11.24"]
[Round "2.2"]
[White "Banusz, Tamas"]
[Black "Rasmussen, Allan Stig"]
[Result "1-0"]
[WhiteElo "2620"]
[BlackElo "2559"]
[PlyCount "65"]
[EventDate "2019.11.23"]
[EventType "team-tourn"]
[EventRounds "9"]
[WhiteTeam "Koge"]
[BlackTeam "Jetsmark"]
[WhiteTeamCountry "DEN"]
[BlackTeamCountry "DEN"]

1. d4 Nf6 2. Nf3 d5 3. g3 Bf5 4. Bg2 h6 5. c4 e6 6. Nc3 Be7 7. O-O c6 8. Qb3
Qb6 9. c5 Qc7 10. Bf4 Qc8 11. a4 Nbd7 12. a5 O-O 13. Rfc1 g5 14. Bd6 Bxd6 15.
cxd6 Qb8 16. Qa3 g4 17. Ne5 Nxe5 18. dxe5 Nd7 19. e4 dxe4 20. Nxe4 Bxe4 21.
Bxe4 Nxe5 22. a6 Rd8 23. Qe3 Qxd6 24. Qxh6 f5 25. axb7 Rab8 26. Bxc6 Nd3 27.
Qg6+ Kh8 28. Qf6+ Kh7 29. Rc3 Rf8 30. Qg5 e5 31. Rd1 e4 32. Bb5 Rxb7 33. Rc6
1-0

[Event "Skakligaen 2019-20"]
[Site "Denmark"]
[Date "2019.11.24"]
[Round "2.3"]
[White "Thogersen, Rasmus"]
[Black "Sengupta, Deep"]
[Result "0-1"]
[WhiteElo "2248"]
[BlackElo "2557"]
[PlyCount "60"]
[EventDate "2019.11.23"]
[EventType "team-tourn"]
[EventRounds "9"]
[WhiteTeam "Jetsmark"]
[BlackTeam "Koge"]
[WhiteTeamCountry "DEN"]
[BlackTeamCountry "DEN"]

1. e4 c6 2. d4 d5 3. e5 Bf5 4. Nf3 e6 5. Be2 Nd7 6. O-O h6 7. Nbd2 Ne7 8. Nb3
g5 9. a4 Bg7 10. a5 Rc8 11. Ne1 c5 12. dxc5 a6 13. Nd4 Nxe5 14. b4 N5c6 15.
Nxf5 Nxf5 16. Rb1 O-O 17. Bd3 Nfe7 18. h4 gxh4 19. Qh5 e5 20. Bxh6 e4 21. Be2
Bxh6 22. Qxh6 Nd4 23. Bg4 Rc6 24. Qxh4 f5 25. Bh5 Rh6 26. g3 Nec6 27. Qxd8 Rxd8
28. Bd1 Rd7 29. c3 Rdh7 30. f4 Rh1+ 0-1

[Event "Skakligaen 2019-20"]
[Site "Denmark"]
[Date "2019.11.24"]
[Round "2.4"]
[White "Salomon, Johan"]
[Black "Heimisson, Hilmir Freyr"]
[Result "1-0"]
[WhiteElo "2507"]
[BlackElo "2234"]
[PlyCount "65"]
[EventDate "2019.11.23"]
[EventType "team-tourn"]
[EventRounds "9"]
[WhiteTeam "Koge"]
[BlackTeam "Jetsmark"]
[WhiteTeamCountry "DEN"]
[BlackTeamCountry "DEN"]

1. c4 c5 2. Nc3 Nc6 3. g3 g6 4. Bg2 Bg7 5. b3 e6 6. Ba3 d6 7. e3 Nge7 8. Nge2
Nf5 9. O-O O-O 10. d3 a6 11. Qd2 Qd7 12. Bb2 Rb8 13. Ne4 e5 14. f4 f6 15. N2c3
Nce7 16. fxe5 fxe5 17. g4 Nh6 18. Rxf8+ Kxf8 19. Rf1+ Kg8 20. g5 Nf7 21. Qf2
Qe8 22. Nf6+ Bxf6 23. Qxf6 b5 24. Nd5 Rb7 25. h4 Bf5 26. Qxf5 Nxf5 27. Nf6+ Kf8
28. Nxe8 Re7 29. Nf6 Nxe3 30. Rf2 Nxg2 31. Kxg2 Kg7 32. Ne4 Rd7 33. Kf1 1-0

[Event "Skakligaen 2019-20"]
[Site "Denmark"]
[Date "2019.11.24"]
[Round "2.5"]
[White "Rosenkilde, Alexander"]
[Black "Danielsen, Henrik"]
[Result "0-1"]
[WhiteElo "2252"]
[BlackElo "2497"]
[PlyCount "66"]
[EventDate "2019.11.23"]
[EventType "team-tourn"]
[EventRounds "9"]
[WhiteTeam "Jetsmark"]
[BlackTeam "Koge"]
[WhiteTeamCountry "DEN"]
[BlackTeamCountry "DEN"]

1. d4 d6 2. Nf3 g6 3. c4 Bg7 4. e4 Nf6 5. Nc3 O-O 6. Be2 Na6 7. O-O e5 8. Re1
Qe8 9. Bf1 Bg4 10. d5 Nh5 11. h3 Bd7 12. b4 Nxb4 13. Qb3 a5 14. c5 Qb8 15. cxd6
cxd6 16. Ba3 Rc8 17. Bxb4 axb4 18. Qxb4 Rc5 19. a4 Qc8 20. Nb5 Bf8 21. Nd2 Nf4
22. Nb3 Bxb5 23. axb5 Rxa1 24. Rxa1 Rc2 25. b6 Rb2 26. g3 Qc2 27. Qe1 Qxb3 28.
gxf4 exf4 29. e5 dxe5 30. Qxe5 Qxb6 31. Qxf4 Rxf2 32. Rb1 Rxf4+ 33. Rxb6 Bc5+
0-1